000 00666nam a2200205 i 4500
001 144512
003 ES-MaACL
005 20240223183405.0
007 t|
008 070214s1956 sp r ||||1| spa d
100 1 _aSilva Castro, Raúl.
_9106389
245 1 0 _aRubén Darío a los veinte años /
_cRaúl Silva Castro.
260 _aMadrid :
_bGredos,
_c1956.
300 _a295 p., 4 lám. ;
_c20 cm.
490 1 _aBiblioteca románica hispánica
600 1 4 _aDarío, Rubén,
_d1867-1916-
_xCrítica e interpretación
_942722
830 0 _aBiblioteca románica hispánica
_9180746
852 _aES-MaACL
_jC-11797
_bR.39737
999 _c144512
_d144512